ბათუმის შოთა რუსთაველის სახელმწიფო უნივერსიტეტის ბიბლიოთეკა

ახალი ქართული ლიტერატურის ფუძემდებელნი : (ბიბ.ჩანაწერი № 36281)

000 -ლიდერი
ფიქსირებული სიგრძის საკონტროლო ველი 01247nam a2200241Ia 4500
001 - საკონტროლო ნომერი
საკონტროლო ველი 2188
003 - საკონტროლო ნომრის იდენტიფიკატორი
საკონტროლო ველი GE_BSU
005 - ბოლო ოპერაციის თარიღი და დრო
საკონტროლო ველი 20190515191056.0
008 - ფიქსირებული სიგრძის მონაცემთა ელემენტები - ზოგადი ინფორმაცია
ფიქსირებული სიგრძის საკონტროლო ველი 181216s1983||||ge |||||||||||||| ||geo||
040 ## - კატალოგიზაციის წყარო
Transcribing agency GE_BSU
041 ## - ენის კოდი
Language code of text/sound track or separate title geo
080 ## - უნივერსალური ათობითი კლასიფიკაციის ინდექსი
Universal Decimal Classification number 821.353.1.092+821.353.1.092 ი-54
100 ## - მთავარი ჩანაწერი - პიროვნების სახელი
Personal name ინგოროყვა, პავლე
9 (RLIN) 1192
245 ## - ცნობა სათაურის შესახებ
Title ახალი ქართული ლიტერატურის ფუძემდებელნი :
Remainder of title ნიკოლოზ ბარათაშვილი ; ილია ჭავჭავაძე ; აკაკი წერეთელი /
Statement of responsibility, etc პავლე ინგოროყვა ; რედ. ნ. ინასარიძე.
264 ## - წარმოების, გამოცემის, დისტრიბუციის და სხვა ცნობები
გამოცემის, წარმოების, დისტრიბუციის... ადგილი თბილისი
გამოცემის, წარმოების, დისტრიბუციის... სახელწოდება მერანი,
გამოცემის, წარმოების, დისტრიბუციის... თარიღი 1983.
300 ## - ფიზიკური აღწერა
Extent 420 გვ.;
Other physical details 20 სმ.
653 ## - INDEX TERM--UNCONTROLLED
Uncontrolled term ქართული ლიტერატურის ისტორია და კრიტიკა
653 ## - INDEX TERM--UNCONTROLLED
Uncontrolled term ნიკოლოზ ბარათაშვილი
653 ## - INDEX TERM--UNCONTROLLED
Uncontrolled term ილია ჭავჭავაძე
653 ## - INDEX TERM--UNCONTROLLED
Uncontrolled term აკაკი წერეთელი
700 ## - ADDED ENTRY--PERSONAL NAME
Personal name ინასარიძე, ნ.
Dates associated with a name მწერალი,
Relator term რედაქტორი
9 (RLIN) 1193
942 ## - ADDED ENTRY ELEMENTS (KOHA)
Koha item type წიგნი
Source of classification or shelving scheme
ეგზემპლარები
ჩამოწერის სტატუსი დაკარგული ეგზემპლარის სტატუსი კლასიფიკაციის წყარო ან თაროზე გაწყობის სქემა დაზიანების სტატუსი არ გაიცემა მუდმივი მდებარეობა (დაცვის ადგილი) ამჟამინდელი ადგილსამყოფელი თაროზე განთავსების ადგილი შეძენის თარიღი ღირებულება, შესყიდვის ნორმალური ფასი სრული შენახვის შიფრი შტრიხკოდი ბოლო ოპერაციის თარიღი ეგზემპლარის მიმდევრობითი ნომერი (კეტერი?) ფასის ძალაში შესვლის თარიღი ეგზემპლარის სახეობა საჯარო შენიშვნა
          აგრარული და მემბრანული ტექნოლოგიების ინსტიტუტის ბიბლიოთეკა აგრარული და მემბრანული ტექნოლოგიების ინსტიტუტის ბიბლიოთეკა წიგნსაცავი 2018-12-17 2.80 821.353.1.092+821.353.1.092 22124 2018-12-17 22124 2018-12-17 წიგნი 2 ლ. 80 თ.
          აგრარული და მემბრანული ტექნოლოგიების ინსტიტუტის ბიბლიოთეკა აგრარული და მემბრანული ტექნოლოგიების ინსტიტუტის ბიბლიოთეკა წიგნსაცავი 2018-12-17 2.80 821.353.1.092+821.353.1.092 თ–29 22125 2018-12-17 22125 2018-12-17 წიგნი 2 ლ. 80 თ.
          ბათუმის შოთა რუსთაველის სახელმწიფო უნივერსიტეტის მთავარი ბიბლიოთეკა ბათუმის შოთა რუსთაველის სახელმწიფო უნივერსიტეტის მთავარი ბიბლიოთეკა წიგნსაცავი 2018-12-17 15.00 821.353.1.092+821.353.1.092 4225 2018-12-17 4225 2018-12-17 წიგნი 15 ლ.